| 000 | 00000nam##2200000za#4500 |
| 001 | 9.533637 |
| 003 | CaOODSP |
| 005 | 20220623094110 |
| 007 | ta |
| 008 | 150406|2000||||xxc||||| f|0| 0 fre|d |
| 020 | |a0-662-64815-3 |
| 040 | |aCaOODSP|bfre |
| 041 | |aeng |
| 041 | |afre |
| 043 | |an-cn--- |
| 086 | 1 |aC21-23/24-2000 |
| 110 | 1 |aCanada. |bIndustrie Canada. |
| 245 | 10|aInvestissement et croissance, de la productivité - étude inspirée de la théorie néoclassique et de la nouvelle théorie de la croissance / |cpar Kevin J. Stiroh. |
| 260 | |aOttawa - Ontario : |bIndustrie Canada |c2000. |
| 300 | |aTexte français, 80p. : |bgraphiques, tableaux ; |c23 cm. |
| 490 | 1 |aDocument hors série|v24 |
| 500 | |a«La présente étude vise à faire un tour d'horizon des travaux récents consacrés au lien entre l'investissement et la productivité, lequel dépend fondamentalement de notre interprétation du processus de croissance économique.»--Introduction. |
| 504 | |aBibliographie. |
| 520 | 3 |aLa présente étude vise à faire un tour d'horizon des travaux récents consacrés au lien entre l'investissement et la productivité, lequel dépend fondamentalement de notre interprétation du processus de croissance économique.--Introduction |
| 546 | |aBilingue |
| 563 | |aCouverture souple |
| 590 | |a01-05|b2001-02-02 |
| 720 | 1 |aStiroh, Kevin J. |
| 776 | 0#|tInvestment and productivity growth - a survey from the neoclassical and new growth perspectives : |w(CaOODSP)9.570621 |
| 776 | 0#|tInvestissement et croissance de la productivité : étude inspirée de la théorie néoclassique et de la nouvelle théorie de la croissance : |w(CaOODSP)9.601269 |
| 791 | |tInvestment and productivity growth - a survey from the neoclassical and new growth perspectives / |eeng|w(CaOODSP)9.533636 |
| 830 | #0|aDocument hors série (Canada. Industrie Canada)|v24|w(CaOODSP)9.509051 |